[Event "National Elementary Championship"]
[Site "Columbus, Ohio, United States"]
[Date "2022.05.13"]
[Round "2.1"]
[White "Diao, Matthew"]
[Black "Wang, Isaac"]
[Result "0-1"]
[TimeControl "G/90;d5"]
[WhiteElo "1794"]
[BlackElo "2209"]

1. d4 {[%clk 01:30:00]} {[%emt 00:00:24]} Nf6 {[%clk 01:30:00]} 2. c4 {[%clk
01:29:54]} {[%emt 00:00:09]} e6 {[%clk 01:30:00]} 3. Nf3 {[%clk 01:29:51]} d5
{[%clk 01:30:00]} 4. Nc3 {[%clk 01:29:35]} {[%emt 00:00:42]} Bb4 {[%clk
01:29:59]} 5. Qc2 {[%clk 01:29:10]} {[%emt 00:00:20]} dxc4 {[%clk 01:24:09]}
{[%emt 00:05:49]} 6. e3 {[%clk 01:24:45]} {[%emt 00:04:33]} b5 {[%clk
01:22:53]} {[%emt 00:01:18]} 7. a4 {[%clk 01:20:30]} {[%emt 00:04:19]} c6
{[%clk 01:21:44]} {[%emt 00:01:20]} 8. axb5 {[%clk 01:17:15]} {[%emt 00:03:33]}
cxb5 {[%clk 01:21:27]} {[%emt 00:00:07]} 9. b3 {[%clk 01:16:43]} {[%emt
00:00:50]} O-O {[%clk 01:18:18]} {[%emt 00:02:57]} 10. Bd2 {[%clk 01:11:05]}
{[%emt 00:05:44]} Bxc3 {[%clk 01:11:49]} {[%emt 00:06:42]} 11. Qxc3 {[%clk
01:10:40]} {[%emt 00:00:44]} Bb7 {[%clk 01:06:19]} {[%emt 00:05:14]} 12. bxc4
{[%clk 01:08:39]} {[%emt 00:02:05]} bxc4 {[%clk 01:02:16]} {[%emt 00:04:11]} 13.
Bxc4 {[%clk 01:06:36]} {[%emt 00:02:26]} Bxf3 {[%clk 00:57:12]} {[%emt
00:04:48]} 14. gxf3 {[%clk 01:06:24]} {[%emt 00:00:19]} Nbd7 {[%clk 00:56:17]}
{[%emt 00:00:56]} 15. Qd3 {[%clk 01:00:29]} {[%emt 00:06:32]} Qe7 {[%clk
00:51:40]} {[%emt 00:04:10]} 16. O-O {[%clk 00:37:03]} {[%emt 00:23:46]} e5
{[%clk 00:49:22]} {[%emt 00:02:09]} 17. Bc3 {[%clk 00:36:03]} {[%emt 00:01:04]}
e4 {[%clk 00:47:37]} {[%emt 00:01:51]} 18. fxe4 {[%clk 00:34:26]} {[%emt
00:01:44]} Nxe4 {[%clk 00:47:05]} {[%emt 00:00:34]} 19. f3 {[%clk 00:30:49]}
{[%emt 00:03:42]} Nxc3 {[%clk 00:44:34]} {[%emt 00:02:36]} 20. Qxc3 {[%clk
00:30:45]} {[%emt 00:00:12]} Rac8 {[%clk 00:36:55]} {[%emt 00:07:41]} 21. Qd3
{[%clk 00:20:46]} {[%emt 00:10:04]} Nb6 {[%clk 00:33:56]} {[%emt 00:03:04]} 22.
Bb3 {[%clk 00:20:06]} {[%emt 00:00:45]} Rfe8 {[%clk 00:29:40]} {[%emt
00:04:21]} 23. Rfe1 {[%clk 00:16:38]} {[%emt 00:03:32]} g6 {[%clk 00:23:48]}
{[%emt 00:06:01]} 24. Kh1 {[%clk 00:12:57]} {[%emt 00:03:42]} Kg7 {[%clk
00:21:45]} {[%emt 00:02:11]} 25. e4 {[%clk 00:11:30]} {[%emt 00:01:31]} Rc7
{[%clk 00:18:03]} {[%emt 00:03:46]} 26. Rac1 {[%clk 00:09:27]} {[%emt
00:02:08]} Rec8 {[%clk 00:17:31]} {[%emt 00:00:36]} 27. Rc2 {[%clk 00:05:59]}
{[%emt 00:03:37]} Rxc2 {[%clk 00:13:37]} {[%emt 00:03:58]} 28. Bxc2 {[%clk
00:05:59]} {[%emt 00:00:07]} Qb4 {[%clk 00:11:44]} {[%emt 00:02:28]} 29. Rd1
{[%clk 00:04:23]} {[%emt 00:01:12]} Rc3 {[%clk 00:09:30]} {[%emt 00:02:12]} 30.
Qe2 {[%clk 00:04:23]} {[%emt 00:00:26]} a5 {[%clk 00:09:03]} {[%emt 00:00:17]}
31. d5 {[%clk 00:04:17]} {[%emt 00:00:06]} Qc5 {[%clk 00:08:09]} {[%emt
00:01:14]} 32. Bd3 {[%clk 00:03:38]} {[%emt 00:00:27]} a4 {[%clk 00:07:16]}
{[%emt 00:00:58]} 33. Qb2 {[%clk 00:02:42]} {[%emt 00:01:00]} a3 {[%clk
00:06:39]} {[%emt 00:00:41]} 34. Qa1 {[%clk 00:02:12]} {[%emt 00:00:37]} Na4
{[%clk 00:05:56]} {[%emt 00:00:46]} 35. Rc1 {[%clk 00:01:56]} {[%emt 00:00:21]}
Nb2 {[%clk 00:05:35]} {[%emt 00:00:41]} 36. Rxc3 {[%clk 00:01:56]} {[%emt
00:00:12]} Qxc3 {[%clk 00:05:26]} 37. Be2 {[%clk 00:01:53]} {[%emt 00:00:09]}
Qe3 {[%clk 00:04:50]} {[%emt 00:00:31]} 38. Bd1 {[%clk 00:01:28]} {[%emt
00:00:33]} Qe1+ {[%clk 00:04:37]} {[%emt 00:00:38]} 39. Kg2 {[%clk 00:01:28]}
{[%emt 00:00:03]} Qxd1 {[%clk 00:03:47]} {[%emt 00:00:30]} 40. Qxa3 {[%clk
00:01:28]} {[%emt 00:00:15]} Qd2+ {[%clk 00:03:01]} {[%emt 00:00:38]} 41. Kh3
{[%clk 00:01:10]} {[%emt 00:00:25]} Nd3 {[%clk 00:02:26]} {[%emt 00:00:49]} 42.
Qa1+ {[%clk 00:01:10]} f6 {[%clk 00:01:36]} {[%emt 00:00:47]} 43. Qf1 {[%clk
00:01:02]} {[%emt 00:00:15]} Nf4+ {[%clk 00:01:34]} {[%emt 00:00:23]} 44. Kg3
{[%clk 00:01:02]} h5 {[%clk 00:01:24]} {[%emt 00:00:04]} 45. h4 {[%clk
00:00:27]} {[%emt 00:00:38]} Nd3 {[%clk 00:00:41]} {[%emt 00:00:47]} 46. Kh3
{[%clk 00:00:20]} {[%emt 00:00:14]} Ne5 {[%clk 00:00:33]} {[%emt 00:00:11]} 47.
Kg3 {[%clk 00:00:16]} {[%emt 00:00:19]} g5 {[%clk 00:00:30]} {[%emt 00:00:07]}
48. hxg5 {[%clk 00:00:16]} fxg5 {[%clk 00:00:29]} {[%emt 00:00:03]} 49. Kh3
{[%clk 00:00:08]} {[%emt 00:00:10]} Qf4 {[%clk 00:00:25]} {[%emt 00:00:12]} 50.
Kg2 {[%clk 00:00:08]} {[%emt 00:00:04]} Ng6 {[%clk 00:00:25]} {[%emt 00:00:08]}
51. Qf2 {[%clk 00:00:08]} Nh4+ {[%clk 00:00:25]} {[%emt 00:00:03]} 52. Kg1
{[%clk 00:00:08]} Nxf3+ {[%clk 00:00:25]} {[%emt 00:00:09]} 53. Kg2 {[%clk
00:00:08]} Nh4+ {[%clk 00:00:23]} {[%emt 00:00:08]} 54. Kf1 {[%clk 00:00:08]}
{[%emt 00:00:04]} Qxe4 {[%clk 00:00:17]} {[%emt 00:00:05]} 55. Qa7+ {[%clk
00:00:08]} {[%emt 00:00:07]} Kg6 {[%clk 00:00:17]} {[%emt 00:00:03]} 56. Qa6+
{[%clk 00:00:05]} {[%emt 00:00:04]} Kf5 {[%clk 00:00:17]} {[%emt 00:00:04]} 57.
Qc8+ {[%clk 00:00:05]} Kf4 {[%clk 00:00:15]} {[%emt 00:00:15]} 58. Qc7+ {[%clk
00:00:05]} Kg4 {[%clk 00:00:15]} 59. d6 {[%clk 00:00:04]} {[%emt 00:00:04]}
Qd3+ {[%clk 00:00:15]} {[%emt 00:00:05]} 60. Kf2 {[%clk 00:00:04]} {[%emt
00:00:18]} Qd2+ {[%clk 00:00:15]} 61. Kf1 {[%clk 00:00:04]} Qf4+ {[%clk
00:00:09]} {[%emt 00:00:03]} 62. Ke1 {[%clk 00:00:04]} Nf5 {[%clk 00:00:09]} 63.
Qd7 {[%clk 00:00:04]} {[%emt 00:00:04]} Qxd6 {[%clk 00:00:09]} 64. Qa4+ {[%clk
00:00:04]} {[%emt 00:00:04]} Qf4 {[%clk 00:00:09]} 65. Qc2 {[%clk 00:00:04]}
{[%emt 00:00:04]} Qe3+ {[%clk 00:00:09]} 66. Kf1 {[%clk 00:00:04]} {[%emt
00:00:04]} Ng3+ {[%clk 00:00:09]} 67. Kg2 {[%clk 00:00:04]} Qf3+ {[%clk
00:00:09]} {[%emt 00:00:03]} 68. Kh2 {[%clk 00:00:04]} Nf1+ {[%clk 00:00:09]}
69. Kg1 {[%clk 00:00:04]} {[%emt 00:00:06]} Ne3 {[%clk 00:00:09]} {[%emt
00:00:03]} 70. Qa4+ {[%clk 00:00:04]} Qf4 {[%clk 00:00:09]} 71. Qa2 {[%clk
00:00:04]} {[%emt 00:00:04]} Qg3+ {[%clk 00:00:09]} 72. Kh1 {[%clk 00:00:04]}
{[%emt 00:00:03]} Qg2+ {[%clk 00:00:08]} {[%emt 00:00:04]} 73. Qxg2+ Nxg2 74.
Kxg2 h4 75. Kh2 Kf3 76. Kh1 g4 77. Kh2 Kf2 78. Kh1 h3 79. Kh2 g3 80. Kxh3 g2
{[%clk 00:00:08]} 0-1

[Event "National Elementary Championship"]
[Site "Columbus, Ohio, United States"]
[Date "2022.05.13"]
[Round "2.2"]
[White "Liu, Eric"]
[Black "Chamamdia, Avaan"]
[Result "1-0"]
[TimeControl "G/90;d5"]
[WhiteElo "2166"]
[BlackElo "1796"]

1. e4 {[%emt 00:00:25]} c5 {[%clk 01:29:53]} {[%emt 00:00:07]} 2. Nf3 {[%clk
01:30:00]} g6 {[%clk 01:29:53]} 3. d4 {[%clk 01:30:00]} cxd4 {[%clk 01:29:53]}
{[%emt 00:00:08]} 4. Nxd4 {[%clk 01:30:00]} {[%emt 00:00:15]} Bg7 {[%clk
01:29:38]} {[%emt 00:00:10]} 5. Nc3 {[%clk 01:30:00]} Nc6 {[%clk 01:29:25]}
{[%emt 00:00:20]} 6. Be3 {[%clk 01:30:00]} Nf6 {[%clk 01:29:24]} {[%emt
00:00:14]} 7. Bc4 {[%clk 01:29:47]} {[%emt 00:00:06]} O-O {[%clk 01:29:20]}
{[%emt 00:00:14]} 8. Bb3 {[%clk 01:29:38]} {[%emt 00:00:20]} Re8 {[%clk
01:29:17]} 9. f3 {[%clk 01:29:18]} {[%emt 00:01:04]} e6 {[%clk 01:29:17]} 10.
Qd2 {[%clk 01:28:27]} {[%emt 00:00:31]} d5 {[%clk 01:29:03]} {[%emt 00:00:09]}
11. O-O-O {[%clk 01:27:52]} {[%emt 00:01:40]} dxe4 {[%clk 01:21:54]} {[%emt
00:06:44]} 12. Nxc6 {[%clk 01:14:40]} {[%emt 00:12:45]} Qxd2+ {[%clk 01:21:48]}
{[%emt 00:00:17]} 13. Rxd2 {[%clk 01:13:24]} {[%emt 00:01:14]} bxc6 {[%clk
01:21:28]} {[%emt 00:00:50]} 14. fxe4 {[%clk 01:03:49]} {[%emt 00:09:20]} Bb7
{[%clk 01:16:11]} {[%emt 00:05:24]} 15. h3 {[%clk 00:46:04]} {[%emt 00:18:18]}
c5 {[%clk 01:01:55]} {[%emt 00:13:48]} 16. Re1 {[%clk 00:42:43]} {[%emt
00:03:28]} Nxe4 {[%clk 00:50:50]} {[%emt 00:11:09]} 17. Nxe4 {[%clk 00:42:22]}
{[%emt 00:00:45]} Bxe4 {[%clk 00:50:35]} {[%emt 00:00:03]} 18. Bxc5 {[%clk
00:42:11]} {[%emt 00:00:12]} Bc6 {[%clk 00:45:08]} {[%emt 00:05:33]} 19. g3
{[%clk 00:34:52]} {[%emt 00:07:23]} a5 {[%clk 00:42:10]} {[%emt 00:03:08]} 20.
a4 {[%clk 00:29:11]} {[%emt 00:05:42]} Rec8 {[%clk 00:39:52]} {[%emt 00:02:41]}
21. Bd4 {[%clk 00:25:54]} {[%emt 00:03:05]} Rab8 {[%clk 00:39:01]} {[%emt
00:00:58]} 22. Bxg7 {[%clk 00:23:37]} {[%emt 00:02:54]} Kxg7 {[%clk 00:38:58]}
23. Re5 {[%clk 00:23:19]} {[%emt 00:00:07]} Ra8 {[%clk 00:30:20]} {[%emt
00:08:36]} 24. Rc5 {[%clk 00:17:21]} {[%emt 00:06:00]} Be4 {[%clk 00:27:09]}
{[%emt 00:03:15]} 25. Rxc8 {[%clk 00:14:48]} {[%emt 00:02:38]} Rxc8 {[%clk
00:26:58]} {[%emt 00:00:30]} 26. Rd4 {[%clk 00:14:17]} {[%emt 00:00:22]} Bg2
{[%clk 00:25:43]} {[%emt 00:01:20]} 27. h4 {[%clk 00:14:12]} {[%emt 00:00:23]}
Rc5 {[%clk 00:22:30]} {[%emt 00:03:07]} 28. Kd2 {[%clk 00:12:03]} {[%emt
00:02:11]} Kf6 {[%clk 00:21:15]} {[%emt 00:01:19]} 29. Ke3 {[%clk 00:11:01]}
{[%emt 00:01:09]} Bd5 {[%clk 00:15:56]} {[%emt 00:05:23]} 30. Bxd5 {[%clk
00:09:09]} {[%emt 00:02:06]} exd5 {[%clk 00:15:44]} {[%emt 00:00:44]} 31. c3
{[%clk 00:07:28]} {[%emt 00:01:37]} Ke5 {[%clk 00:14:29]} {[%emt 00:00:54]} 32.
Kd3 {[%clk 00:07:22]} {[%emt 00:00:11]} f5 {[%clk 00:12:37]} {[%emt 00:02:09]}
33. Rf4 {[%clk 00:04:43]} {[%emt 00:02:32]} h6 {[%clk 00:11:30]} {[%emt
00:01:11]} 34. b3 {[%clk 00:02:48]} {[%emt 00:02:10]} g5 {[%clk 00:11:14]}
{[%emt 00:00:12]} 35. hxg5 {[%clk 00:02:48]} {[%emt 00:00:11]} hxg5 {[%clk
00:11:14]} {[%emt 00:00:05]} 36. Rf1 {[%clk 00:02:40]} {[%emt 00:00:05]} f4
{[%clk 00:10:47]} {[%emt 00:00:33]} 37. gxf4+ {[%clk 00:02:40]} {[%emt
00:00:03]} gxf4 {[%clk 00:10:47]} {[%emt 00:00:04]} 38. Rb1 {[%clk 00:01:18]}
{[%emt 00:01:30]} f3 {[%clk 00:09:02]} {[%emt 00:01:45]} 39. b4 {[%clk
00:01:16]} {[%emt 00:00:06]} axb4 {[%clk 00:06:09]} {[%emt 00:02:56]} 40. cxb4
{[%clk 00:01:16]} {[%emt 00:00:36]} Rc4 {[%clk 00:05:18]} {[%emt 00:00:25]} 41.
a5 {[%clk 00:00:48]} {[%emt 00:00:44]} Kd6 {[%clk 00:04:57]} {[%emt 00:00:15]}
42. b5 {[%clk 00:00:43]} {[%emt 00:00:11]} Kc7 {[%clk 00:02:36]} {[%emt
00:02:28]} 43. b6+ {[%clk 00:00:43]} {[%emt 00:00:05]} Kb8 {[%clk 00:02:13]}
{[%emt 00:00:20]} 44. a6 {[%clk 00:00:43]} {[%emt 00:00:33]} Ra4 {[%clk
00:01:45]} {[%emt 00:00:06]} 45. a7+ {[%clk 00:00:43]} {[%emt 00:00:06]} Kb7
{[%clk 00:01:15]} {[%emt 00:00:49]} 46. Ke3 {[%clk 00:00:43]} Ra3+ {[%clk
00:01:12]} 47. Kf2 {[%clk 00:00:43]} {[%emt 00:00:10]} d4 {[%clk 00:00:58]} 48.
Rb2 {[%clk 00:00:30]} {[%emt 00:00:36]} Ra4 {[%clk 00:00:21]} {[%emt 00:00:28]}
49. Kxf3 {[%clk 00:00:30]} Ra3+ {[%clk 00:00:21]} 50. Ke4 {[%clk 00:00:30]}
{[%emt 00:00:14]} d3 {[%clk 00:00:21]} 51. Ke3 {[%clk 00:00:30]} {[%emt
00:00:04]} d2+ {[%clk 00:00:05]} {[%emt 00:00:13]} 52. Kxd2 {[%clk 00:00:30]}
Ra6 {[%clk 00:00:05]} {[%emt 00:00:10]} 53. Kc3 {[%clk 00:00:30]} {[%emt
00:00:08]} Ra4 {[%clk 00:00:05]} 54. Rb4 {[%clk 00:00:25]} {[%emt 00:00:03]}
Ra3+ {[%clk 00:00:05]} 55. Kc4 {[%clk 00:00:25]} {[%emt 00:00:03]} Ra5 {[%clk
00:00:05]} 56. Rb5 {[%clk 00:00:25]} {[%emt 00:00:06]} Ra4+ {[%clk 00:00:05]}
57. Kc5 {[%clk 00:00:25]} {[%emt 00:00:06]} Ra1 {[%clk 00:00:05]} 58. Rb3
{[%clk 00:00:13]} {[%emt 00:00:14]} Rc1+ {[%clk 00:00:05]} {[%emt 00:00:11]} 59.
Kb5 {[%clk 00:00:13]} Ra1 {[%clk 00:00:05]} {[%emt 00:00:04]} 60. Rb2 {[%clk
00:00:13]} Ra3 {[%clk 00:00:05]} {[%emt 00:00:08]} 61. Rh2 {[%clk 00:00:12]}
{[%emt 00:00:11]} Ra6 {[%clk 00:00:04]} 62. Rh7+ {[%clk 00:00:12]} Ka8 {[%clk
00:00:04]} 1-0

[Event "National Elementary Championship"]
[Site "Columbus, Ohio, United States"]
[Date "2022.05.13"]
[Round "2.3"]
[White "Ammasani, Smayan"]
[Black "Harish, Neeraj"]
[Result "0-1"]
[TimeControl "G/90;d5"]
[WhiteElo "1769"]
[BlackElo "2137"]

1. e4 {[%clk 01:30:00]} {[%emt 02:02:01]} c5 {[%clk 01:29:57]} {[%emt
00:00:09]} 2. Nf3 {[%clk 01:30:00]} {[%emt 00:00:04]} Nc6 {[%clk 01:29:53]}
{[%emt 00:00:09]} 3. d4 {[%clk 01:30:00]} {[%emt 00:00:05]} cxd4 {[%clk
01:29:53]} {[%emt 00:00:04]} 4. Nxd4 {[%clk 01:29:59]} {[%emt 00:00:06]} Nf6
{[%clk 01:29:53]} {[%emt 00:00:04]} 5. Nc3 {[%clk 01:29:58]} {[%emt 00:00:05]}
e5 {[%clk 01:29:53]} {[%emt 00:00:04]} 6. Ndb5 {[%clk 01:29:58]} {[%emt
00:00:05]} d6 {[%clk 01:29:53]} {[%emt 00:00:05]} 7. Bg5 {[%clk 01:29:45]}
{[%emt 00:00:18]} a6 {[%clk 01:29:53]} {[%emt 00:00:05]} 8. Na3 {[%clk
01:29:44]} {[%emt 00:00:06]} b5 {[%clk 01:29:53]} {[%emt 00:00:04]} 9. Bxf6
{[%clk 01:29:36]} {[%emt 00:00:13]} gxf6 {[%clk 01:29:53]} {[%emt 00:00:05]} 10.
Nd5 {[%clk 01:29:35]} {[%emt 00:00:05]} f5 {[%clk 01:29:24]} {[%emt 00:00:35]}
11. Bd3 {[%clk 01:29:25]} {[%emt 00:00:15]} Be6 {[%clk 01:29:24]} {[%emt
00:00:05]} 12. Qh5 {[%clk 01:28:56]} {[%emt 00:00:34]} Bg7 {[%clk 01:28:40]}
{[%emt 00:00:49]} 13. O-O {[%clk 01:28:05]} {[%emt 00:00:56]} f4 {[%clk
01:23:19]} {[%emt 00:05:24]} 14. g3 {[%clk 01:26:37]} {[%emt 00:01:34]} Ne7
{[%clk 01:17:47]} {[%emt 00:05:37]} 15. Qg5 {[%clk 01:15:15]} {[%emt 00:11:27]}
Rg8 {[%clk 01:04:19]} {[%emt 00:13:33]} 16. c4 {[%clk 01:09:08]} {[%emt
00:06:12]} Bxd5 {[%clk 00:57:57]} {[%emt 00:06:27]} 17. cxd5 {[%clk 01:04:38]}
{[%emt 00:04:35]} Qd7 {[%clk 00:51:28]} {[%emt 00:06:34]} 18. Kh1 {[%clk
01:00:09]} {[%emt 00:04:34]} Qh3 {[%clk 00:43:45]} {[%emt 00:07:48]} 19. Rg1
{[%clk 00:52:47]} {[%emt 00:07:28]} Bh8 {[%clk 00:32:57]} {[%emt 00:10:53]} 20.
Qh4 {[%clk 00:50:15]} {[%emt 00:02:37]} Qxh4 {[%clk 00:32:45]} {[%emt
00:00:17]} 21. gxh4 {[%clk 00:50:10]} {[%emt 00:00:10]} Bf6 {[%clk 00:31:34]}
{[%emt 00:01:16]} 22. h5 {[%clk 00:48:12]} {[%emt 00:02:02]} Kd7 {[%clk
00:31:05]} {[%emt 00:00:34]} 23. Be2 {[%clk 00:46:15]} {[%emt 00:02:02]} Bh4
{[%clk 00:27:33]} {[%emt 00:03:37]} 24. Bg4+ {[%clk 00:44:43]} {[%emt
00:01:37]} Kd8 {[%clk 00:21:38]} {[%emt 00:06:00]} 25. f3 {[%clk 00:43:08]}
{[%emt 00:01:40]} Bf2 {[%clk 00:21:18]} {[%emt 00:00:25]} 26. Rgd1 {[%clk
00:39:10]} {[%emt 00:04:03]} Bd4 {[%clk 00:20:34]} {[%emt 00:00:49]} 27. Rab1
{[%clk 00:37:57]} {[%emt 00:01:17]} f5 {[%clk 00:17:27]} {[%emt 00:03:13]} 28.
Bxf5 {[%clk 00:30:06]} {[%emt 00:07:56]} Nxf5 {[%clk 00:17:17]} {[%emt
00:00:15]} 29. exf5 {[%clk 00:30:02]} {[%emt 00:00:09]} Ke7 {[%clk 00:17:17]}
{[%emt 00:00:05]} 30. Nc2 {[%clk 00:28:01]} {[%emt 00:02:06]} Bc5 {[%clk
00:17:16]} {[%emt 00:00:07]} 31. Rf1 {[%clk 00:21:59]} {[%emt 00:06:06]} Kf6
{[%clk 00:15:39]} {[%emt 00:01:42]} 32. h4 {[%emt 00:00:36]} Kxf5 {[%clk
00:15:28]} {[%emt 00:00:01]} 33. Kh2 {[%clk 00:19:11]} {[%emt 00:02:35]} Rg3
{[%clk 00:15:18]} {[%emt 00:00:16]} 34. a3 {[%clk 00:17:30]} {[%emt 00:01:46]}
Rag8 {[%clk 00:15:08]} {[%emt 00:00:15]} 35. Nb4 {[%clk 00:15:30]} {[%emt
00:02:05]} e4 {[%clk 00:10:17]} {[%emt 00:04:55]} 36. fxe4+ {[%clk 00:13:49]}
{[%emt 00:01:46]} Kg4 {[%clk 00:10:10]} {[%emt 00:00:12]} 37. Rg1 {[%clk
00:05:23]} {[%emt 00:08:31]} Bxg1+ {[%clk 00:10:02]} {[%emt 00:00:14]} 38. Rxg1
{[%clk 00:05:19]} {[%emt 00:00:08]} Rxg1 {[%clk 00:10:01]} {[%emt 00:00:06]} 39.
Kxg1 {[%clk 00:05:17]} {[%emt 00:00:06]} Kf3+ {[%clk 00:10:00]} {[%emt
00:00:07]} 40. Kf1 {[%clk 00:04:50]} {[%emt 00:00:33]} Kxe4 {[%clk 00:09:51]}
{[%emt 00:00:13]} 41. Nxa6 {[%clk 00:04:28]} {[%emt 00:00:27]} f3 {[%clk
00:09:23]} {[%emt 00:00:33]} 42. Nb4 {[%clk 00:04:09]} {[%emt 00:00:24]} Rg2
{[%clk 00:09:20]} {[%emt 00:00:08]} 43. Ke1 {[%clk 00:03:57]} {[%emt 00:00:17]}
Ke3 {[%clk 00:09:10]} {[%emt 00:00:16]} 44. Kf1 {[%clk 00:03:54]} {[%emt
00:00:07]} Rxb2 {[%clk 00:09:07]} {[%emt 00:00:08]} 45. Kg1 {[%clk 00:03:37]}
{[%emt 00:00:22]} f2+ {[%clk 00:08:43]} {[%emt 00:00:29]} 46. Kf1 {[%clk
00:03:36]} {[%emt 00:00:06]} Rb1+ {[%clk 00:08:43]} {[%emt 00:00:05]} 47. Kg2
{[%clk 00:03:36]} {[%emt 00:00:04]} f1=Q+ {[%clk 00:08:41]} {[%emt 00:00:08]}
48. Kg3 {[%clk 00:03:32]} {[%emt 00:00:08]} Qf3 {[%clk 00:08:37]} {[%emt
00:00:09]} 49. Kh2 {[%clk 00:03:31]} {[%emt 00:00:06]} Rh1+ {[%clk 00:08:37]}
{[%emt 00:00:05]} 0-1

[Event "National Elementary Championship"]
[Site "Columbus, Ohio, United States"]
[Date "2022.05.13"]
[Round "2.4"]
[White "Golsefidy, Sepehr"]
[Black "Boydell, Oliver"]
[Result "1/2-1/2"]
[TimeControl "G/90;d5"]
[WhiteElo "2080"]
[BlackElo "1760"]

1. e4 {[%clk 01:30:00]} c5 {[%clk 01:30:00]} {[%emt 00:00:05]} 2. Nf3 {[%clk
01:29:53]} {[%emt 00:00:12]} g6 {[%clk 01:30:00]} {[%emt 00:00:06]} 3. c4
{[%clk 01:27:53]} {[%emt 00:02:04]} Nc6 {[%clk 01:29:49]} {[%emt 00:00:17]} 4.
d4 {[%clk 01:26:52]} {[%emt 00:01:06]} cxd4 {[%clk 01:29:49]} {[%emt 00:00:04]}
5. Nxd4 {[%clk 01:26:49]} {[%emt 00:00:07]} Nf6 {[%clk 01:29:41]} {[%emt
00:00:11]} 6. Nc3 {[%clk 01:25:32]} {[%emt 00:01:23]} d6 {[%clk 01:29:25]}
{[%emt 00:00:21]} 7. Be2 {[%clk 01:24:09]} {[%emt 00:01:27]} Nxd4 {[%clk
01:29:11]} {[%emt 00:00:19]} 8. Qxd4 {[%clk 01:24:09]} {[%emt 00:00:05]} Bg7
{[%clk 01:28:46]} {[%emt 00:00:30]} 9. Be3 {[%clk 01:22:38]} {[%emt 00:01:36]}
O-O {[%clk 01:28:37]} {[%emt 00:00:15]} 10. Qd2 {[%clk 01:21:09]} {[%emt
00:01:34]} Be6 {[%clk 01:28:14]} {[%emt 00:00:28]} 11. Rc1 {[%clk 01:16:40]}
{[%emt 00:04:33]} Qa5 {[%clk 01:27:41]} {[%emt 00:00:38]} 12. f3 {[%clk
01:03:34]} {[%emt 00:13:11]} Rfc8 {[%clk 01:27:17]} {[%emt 00:00:29]} 13. b3
{[%clk 01:02:10]} {[%emt 00:01:29]} a6 {[%clk 01:26:25]} {[%emt 00:00:56]} 14.
Nd5 {[%clk 00:47:51]} {[%emt 00:14:25]} Qxd2+ {[%clk 01:25:55]} {[%emt
00:00:35]} 15. Kxd2 {[%clk 00:47:51]} {[%emt 00:00:05]} Bxd5 {[%clk 01:24:05]}
{[%emt 00:01:54]} 16. cxd5 {[%clk 00:47:30]} {[%emt 00:00:26]} Nd7 {[%clk
01:22:28]} {[%emt 00:01:41]} 17. Rxc8+ {[%clk 00:45:57]} {[%emt 00:01:39]} Rxc8
{[%clk 01:22:28]} {[%emt 00:00:02]} 18. Rc1 {[%clk 00:44:40]} {[%emt 00:01:22]}
Rxc1 {[%clk 01:21:06]} {[%emt 00:01:28]} 19. Kxc1 {[%clk 00:44:40]} {[%emt
00:00:03]} Kf8 {[%clk 01:17:29]} {[%emt 00:03:42]} 20. Kc2 {[%clk 00:36:54]}
{[%emt 00:07:50]} Ke8 {[%clk 01:15:14]} {[%emt 00:02:21]} 21. b4 {[%clk
00:35:47]} {[%emt 00:01:13]} Kd8 {[%clk 01:11:18]} {[%emt 00:04:00]} 22. Kb3
{[%clk 00:31:10]} {[%emt 00:04:41]} Kc7 {[%clk 01:07:10]} {[%emt 00:04:14]} 23.
a4 {[%clk 00:26:54]} {[%emt 00:04:21]} Bf6 {[%clk 01:01:20]} {[%emt 00:05:54]}
24. a5 {[%clk 00:25:34]} {[%emt 00:01:25]} Bg7 {[%clk 00:53:58]} {[%emt
00:07:27]} 25. b5 {[%clk 00:24:18]} {[%emt 00:01:22]} axb5 {[%clk 00:52:10]}
{[%emt 00:01:52]} 26. Kb4 {[%clk 00:24:04]} {[%emt 00:00:19]} Bf6 {[%clk
00:44:24]} {[%emt 00:07:52]} 27. Bxb5 {[%clk 00:22:29]} {[%emt 00:01:40]} Bh4
{[%clk 00:39:43]} {[%emt 00:04:45]} 28. g3 {[%clk 00:22:13]} {[%emt 00:00:21]}
Bf6 {[%clk 00:39:34]} {[%emt 00:00:12]} 29. f4 {[%clk 00:21:23]} {[%emt
00:00:57]} Bg7 {[%clk 00:38:10]} {[%emt 00:01:28]} 30. Bd3 {[%clk 00:19:31]}
{[%emt 00:01:56]} Bf6 {[%clk 00:33:58]} {[%emt 00:04:19]} 31. Kc4 {[%clk
00:17:13]} {[%emt 00:02:20]} Bb2 {[%clk 00:32:31]} {[%emt 00:01:34]} 32. Kb5
{[%clk 00:14:25]} {[%emt 00:02:53]} Bf6 {[%clk 00:32:09]} {[%emt 00:00:27]} 33.
a6 {[%clk 00:13:26]} {[%emt 00:01:05]} bxa6+ {[%clk 00:31:24]} {[%emt
00:00:49]} 34. Kxa6 {[%clk 00:13:26]} {[%emt 00:00:06]} Bb2 {[%clk 00:27:44]}
{[%emt 00:03:42]} 1/2-1/2